| 000 | 01024nam a22001817a 4500 | ||
|---|---|---|---|
| 999 |
_c60948 _d60948 |
||
| 005 | 20231128172424.0 | ||
| 008 | 231128s1967 ru ||||| |||| 00| 0 rus d | ||
| 050 | _arus | ||
| 080 | _a94(37/38) А-72 | ||
| 245 |
_aАнтичное общество : _bТруды конференции по изучению проблем античности _c Редакционная коллегия: Т.В. Блаватская, М.Л. Гаспаров, В.М. Смирин [и др.] ; Академия Наук СССР. Отделение истории. |
||
| 264 |
_aМосква : _bНаука, _c1967ю |
||
| 300 |
_a428 с. : _b ил. ; _c26 см. |
||
| 653 | _aანტიკური საზოგადოების ისტორია | ||
| 700 |
_aБлаватская, Т.В. _eრედაქტორი _920498 |
||
| 700 |
_aГаспаров, М.Л. _eრედაქტორი _920499 |
||
| 700 |
_aСмирин, В.М. და სხვ. _eრედაქტორი _920500 |
||
| 942 |
_2udc _cᲬᲘᲒᲜᲘ |
||